Normal view
MARC view
- اللغة العربية-اللغة-تهذيب إصلاح المنطق
Entry Topical Term
001 - CONTROL NUMBER
- control field: 9431
003 - CONTROL NUMBER IDENTIFIER
- control field: JO-AjAnu
005 - DATE AND TIME OF LATEST TRANSACTION
- control field: 20230606071822.0
008 - FIXED-LENGTH DATA ELEMENTS
- fixed length control field: 230606|| aca||aabn | a|a d
040 ## - CATALOGING SOURCE
- Original cataloging agency: JO-AjAnu
- Transcribing agency: JO-AjAnu
150 ## - HEADING--TOPICAL TERM
- Topical term or geographic name entry element: اللغة العربية-اللغة-تهذيب إصلاح المنطق
670 ## - SOURCE DATA FOUND
- Source citation: Work cat.: (JO-AjAnu)4866: تحقيق مسعود،فوزي عبد العزيز, author 9430, كتاب تهذيب إصلاح المنطق لأبي زكريا يحيى بن علي الخطيب التبريزي، ج1